000 00686cam a22002533a 4500
001 22623
003 PGUSA
005 20140828083500.0
008 070916s2007||||xxu|||||s|||||000 1 eng d
040 _aPGUSA
_beng
042 _adc
050 4 _aPS
100 1 _aSamachson, Joseph,
_d1906-1980
245 1 0 _aDivinity
_h[electronic resource] /
_cJoseph Samachson
260 _bProject Gutenberg,
_c2007
506 _aPublic domain in the USA.
516 _aElectronic text
653 _aScience fiction
653 _aShort stories
700 1 _aFreas, Kelly,
_d1922-2005
830 0 _aProject Gutenberg
_v22623
856 4 0 _uhttp://www.gutenberg.org/ebooks/22623
942 _cEB
999 _c251878
_d251878